000 02273nam a2200349 i 4500
001 768714001
003 CO-MdFUSB
005 20260317104145.0
007 ta
008 200608t20142019sp ad||| i||| 00| 0 spa d
020 _a978-958-42-4729-2
040 _aCO-MdFUSB
_bspa
_cCO-MdFUSB
_dCO-MdFUSBC
_erda
041 _aspa
_heng
082 _223
_a158
_bC873
100 _aCovey, Stephen R.
_eautor
240 _aThe seven habits of highly effective people.
245 4 _aLos 7 hábitos de la gente altamente efectiva
_c/ Stephen R. Covey ; traducido por Jorge Piatigorsky
250 _aEdición revisada y actualizada
264 1 _aBarcelona, España :
_bPaidós,
_c[2015]
264 4 _c©2015
300 _c452 páginas
_b: ilustraciones en blanco y negro , gráficos , mapas conceptuales
_a; 22 cm
336 _2rdacontent
_atexto
_btxt
337 _2rdamedia
_asin mediación
_bn
338 _2rdacarrier
_avolumen
_bnc
500 _aIncluye prólogo a la edición del 25 aniversario, por Jim Collins ; Homenaje de la familia a un padre altamente efectivo. Prólogo a la edición de 2004, por Stephen R. Covey ; Incluye ilustraciones a blanco y negro , gráficos , mapas conceptuales
505 _aParadigmas y principios. -- De dentro hacia fuera. -- La Personalidad y la Ética del Carácter. -- Grandeza primaria y secundaria. -- El poder de un paradigma. -- El poder de un Cambio de Paradigma. -- Ver y ser. -- El paradigma basado en principios. -- Principios del desarrollo y el cambio. -- El modo en que vemos el problema es el problema. -- Un nuevo nivel de pensamiento. -- Panorama general de los 7 Hábitos. -- Los hábitos definidos. -- El Continuo de Madurez. -- La efectividad definida. -- Tres tipos de bienes. -- CP organizacional. -- Cómo usar este libro. -- Lo que se puede esperar. -- Victoria Privada. Hábito 1: Ser Proactivo. -- Hábito 2: Comenzar con un Fin en Mente. -- Hábito 3: Poner Primero lo Primero. -- Hábito 4: Pensar Ganar-Ganar. -- Hábito 5: Buscar Primero Entender, Luego Ser Entendido. -- Hábito 6: Sinergizar. -- Hábito 7: Afilar la Sierra.
563 _aRústico
650 7 _aLiderazgo
_2embne
_97265
700 _aPiatigorsky, Jorge
_911260
_etraductor
942 _cBK
945 _aCatherine Arias Alvarez
999 _c71299
_d71299